<?xml version="1.0" encoding="UTF-8"?>
<collection xmlns="http://www.loc.gov/MARC21/slim">
  <record>
    <leader>00000nam  2200000   4500</leader>
    <controlfield tag="001">INLIS000000000016356</controlfield>
    <controlfield tag="005">20231030023335</controlfield>
    <datafield tag="035" ind1="#" ind2="#">
      <subfield code="a">0010-1023000438</subfield>
    </datafield>
    <controlfield tag="007">ta</controlfield>
    <controlfield tag="008">231030################e##########u#ind##</controlfield>
    <datafield tag="082" ind1="#" ind2="#">
      <subfield code="a">350</subfield>
    </datafield>
    <datafield tag="084" ind1="#" ind2="#">
      <subfield code="a">3530 SUR t</subfield>
    </datafield>
    <datafield tag="100" ind1="1" ind2="#">
      <subfield code="a">Suryanto Adi</subfield>
    </datafield>
    <datafield tag="245" ind1="1" ind2="#">
      <subfield code="a">Transformasi Administrasi Publik Menjawab Tantangan Era Disrupsi :</subfield>
      <subfield code="b">Gagasan Pembaharuan Dan Praktik Kepemimpinan /</subfield>
      <subfield code="c">Adi Suryanto</subfield>
    </datafield>
    <datafield tag="250" ind1="#" ind2="#">
      <subfield code="a">1</subfield>
    </datafield>
    <datafield tag="260" ind1="#" ind2="#">
      <subfield code="a">Jakarta :</subfield>
      <subfield code="b">Lembaga Administrasi Negara,</subfield>
      <subfield code="c">2023</subfield>
    </datafield>
    <datafield tag="300" ind1="#" ind2="#">
      <subfield code="a">150 :</subfield>
      <subfield code="b">ilus ;</subfield>
      <subfield code="c">29x21x1,5</subfield>
    </datafield>
    <datafield tag="650" ind1="#" ind2="4">
      <subfield code="a">Administrasi Publik</subfield>
    </datafield>
    <datafield tag="856" ind1="#" ind2="#">
      <subfield code="a">Perpustakaan Pusat LAN</subfield>
    </datafield>
    <datafield tag="990" ind1="#" ind2="#">
      <subfield code="a">231019850</subfield>
    </datafield>
  </record>
</collection>
